Information Technology and library Evolution/ (Record no. 15990)
[ view plain ]
| 000 -LEADER | |
|---|---|
| fixed length control field | 00505nam a22001817a 4500 |
| 003 - CONTROL NUMBER IDENTIFIER | |
| control field | OSt |
| 005 - DATE AND TIME OF LATEST TRANSACTION | |
| control field | 20221117032050.0 |
| 008 - FIXED-LENGTH DATA ELEMENTS--GENERAL INFORMATION | |
| fixed length control field | 151204b xxu||||| |||| 00| 0 eng d |
| 020 ## - INTERNATIONAL STANDARD BOOK NUMBER | |
| International Standard Book Number | 9788131300374 |
| 040 ## - CATALOGING SOURCE | |
| Original cataloging agency | MMU |
| Language of cataloging | eng |
| Transcribing agency | MMU |
| Modifying agency | MMU |
| 050 ## - LIBRARY OF CONGRESS CALL NUMBER | |
| Classification number | Z678.9 .T59 2010 |
| 100 ## - MAIN ENTRY--PERSONAL NAME | |
| 9 (RLIN) | 82 |
| Personal name | Tiwari, Purushotham |
| 245 ## - TITLE STATEMENT | |
| Title | Information Technology and library Evolution/ |
| Statement of responsibility, etc. | Purushotham Tiwari. |
| 260 ## - PUBLICATION, DISTRIBUTION, ETC. (IMPRINT) | |
| Place of publication, distribution, etc. | New Delhi : |
| Name of publisher, distributor, etc. | A P H, |
| Date of publication, distribution, etc. | 2010. |
| 300 ## - PHYSICAL DESCRIPTION | |
| Extent | 271 p. : |
| 500 ## - GENERAL NOTE | |
| General note | Includes index |
| 942 ## - ADDED ENTRY ELEMENTS (KOHA) | |
| Source of classification or shelving scheme | Library of Congress Classification |
| Koha item type | SL |
| Withdrawn status | Lost status | Source of classification or shelving scheme | Damaged status | Not for loan | Home library | Current library | Date acquired | Source of acquisition | Cost, normal purchase price | Total Checkouts | Full call number | Barcode | Date last seen | Price effective from | Koha item type | Date last checked out |
|---|---|---|---|---|---|---|---|---|---|---|---|---|---|---|---|---|
| Library of Congress Classification | Maasai Mara University Library -Main Campus | Maasai Mara University Library -Main Campus | 12/04/2015 | Purchased | 2290.00 | Z678.9 .T59 2010 | 201514772 | 12/04/2015 | 12/04/2015 | SL | ||||||
| Library of Congress Classification | Maasai Mara University Library -Main Campus | Maasai Mara University Library -Main Campus | 02/03/2016 | Purchased | 2290.00 | 4 | Z678.9 .T59 2010 | 201514313 | 09/19/2019 | 02/03/2016 | L | 09/17/2019 |